000 01161cam a2200361 4500
008 090401t1993 xxu||||| |||| 00| 0 eng d
020 _a0728201852
035 _a(Sirsi) u29990
041 _aeng
050 _a333
245 4 _aThe best of mainly for students
260 _aLondon
_bEstates Gazette Limited
_c1993
300 _axxi, 510p. ; 21cm.
350 _a23
520 _aA collection of Mainly for Students articles from the Estates Gazette, covering construction, estate management, investment, professional skills, planning, taxation, valuation, commercial and property law.
650 _aCOMMERCIAL LAW
650 _aBUILT ENVIRONMENT
650 _aDATING HOUSES
650 _aESTATE MANAGEMENT
650 _aESTATES GAZETTE
650 _aINVESTMENT
650 _aMAINLY FOR STUDENTS
650 _aPLANNING
650 _aPROFESSIONAL ETHICS
650 _aPROFESSIONAL PRACTICE
650 _aPROPERTY LAW
650 _aTAXATION
650 _aValuation
_96273
690 _aMANAGEMENT-BUSINESS MANAGEMENT-PROFESSIONAL PRACTICE
700 _aAskham, Phil & Blake, Lesie,
_xEditor
942 _n0
948 _c04/03/1997
999 _c89470
_d89470